[Event "II Criciúma Chess Open - A1700 - 12-18"]
[Site "Criciúma SC"]
[Date "2024.01.17"]
[Round "8.19"]
[White "Lage, Pedro Ferreira"]
[Black "Gomes, Maria Eduarda Papin"]
[Result "1-0"]
[WhiteElo "2100"]
[BlackElo "1744"]
[PlyCount "75"]
[EventDate "2024.01.12"]
[EventRounds "9"]
[EventCountry "BRA"]

1. b3 Nf6 2. Bb2 e6 3. c4 d5 4. e3 c5 5. Nf3 Nc6 6. cxd5 exd5 7. d4 cxd4 8.
Nxd4 a6 ({RR} 8... Bb4+ 9. Bc3 Qb6 10. Bb5 O-O 11. Nxc6 Bxc3+ 12. Nxc3 bxc6 13.
Be2 c5 14. O-O Be6 15. Na4 Qa5 16. Qe1 Qxe1 17. Rfxe1 Rfc8 18. Rac1 c4 19. f3
cxb3 20. axb3 Rxc1 21. Rxc1 d4 22. exd4 Bxb3 23. Nc5 {Sambuev,B (2522)-Wei,Y 
(2753) Tbilisi 2017 1/2-1/2 (81)}) ({RR} 8... Bb4+ 9. Bc3 Bd6 10. Bd3 O-O 11.
Nd2 Re8 12. Nxc6 bxc6 13. Qc2 c5 14. Be2 d4 15. exd4 Bg4 16. f3 Nd5 17. Nc4 Nf4
18. fxg4 Rxe2+ 19. Qxe2 Nxe2 20. Kxe2 Bf8 21. Rad1 Qh4 22. Kf3 Qf6+ 23. Kg3 {
Solovchuk,A (2302)-Izoria,Z (2602) chess.com INT 2022 0-1 (37)}) 9. Be2 Be7
$146 ({RR} 9... Bd6 10. O-O O-O 11. Qc2 Qc7 12. Nf3 Re8 13. Bd3 h6 14. Nbd2 Qe7
15. Nd4 Nb4 16. Qc3 Bd7 17. N2f3 Rac8 18. Qd2 Ne4 19. Bxe4 dxe4 20. Ne1 Red8
21. Nec2 Bxh2+ 22. Kxh2 Qd6+ 23. Kg1 Rxc2 24. Qxc2 {Gorshkov,Y (2384)
-Nikulenkov,A Kiev 2001 0-1}) 10. O-O O-O 11. Nc3 Re8 12. Rc1 Bd6 13. Na4 Ne5
14. Nf3 Nxf3+ 15. Bxf3 Ne4 16. Bd4 Re6 17. g3 Rg6 18. Nb6 Bh3 19. Nxa8 Bxf1 20.
Kxf1 Qxa8 21. Qc2 Qe8 22. Qc8 Kf8 23. Qxb7 Qb5+ 24. Qxb5 axb5 25. Rc6 Ke7 26.
Bxe4 dxe4 27. Bc5 Kd7 28. Rxd6+ Rxd6 29. Bxd6 Kxd6 30. Ke2 b4 31. Kd2 f5 32.
Kc2 g5 33. Kb2 Kc5 34. a3 bxa3+ 35. Kxa3 f4 36. gxf4 gxf4 37. exf4 Kd4 38. b4
1-0

[Event "II Criciúma Chess Open - A1700 - 12-18"]
[Site "Criciúma SC"]
[Date "2024.01.17"]
[Round "8.20"]
[White "Goncalves, Nata"]
[Black "Cardoso, Lucas Emanuel Alves"]
[Result "1-0"]
[WhiteElo "1998"]
[BlackElo "1710"]
[PlyCount "57"]
[EventDate "2024.01.12"]
[EventRounds "9"]
[EventCountry "BRA"]

1. e4 c5 2. Nf3 d6 3. d4 cxd4 4. Nxd4 Nf6 5. Nc3 a6 6. Bg5 e6 7. f4 Qc7 8. Qf3
Be7 9. O-O-O Nc6 10. Qg3 ({RR} 10. Kb1 Bd7 11. Nb3 O-O-O 12. Bh4 Kb8 13. Bf2
Bc8 14. Be2 Nd7 15. Qe3 b6 16. Bf3 Bb7 17. Rd2 Rc8 18. Rhd1 Rhd8 19. Nd5 exd5
20. exd5 Bf6 21. dxc6 Bxc6 22. Nd4 Bxf3 23. Qxf3 g6 24. c3 Nc5 {Nguyen,A (2559)
-Dao,T (2604) Hue 2005 1/2-1/2 (38)}) 10... h6 ({RR} 10... Nxd4 11. Rxd4 Bd7
12. e5 dxe5 13. fxe5 Nh5 14. Qh4 Bxg5+ 15. Qxg5 g6 16. Ne4 h6 17. Qe3 Kf8 18.
g4 Ng7 19. Qa3+ Ke8 20. Nf6+ Kd8 21. Rxd7+ Qxd7 22. Nxd7 Kxd7 {1-0 (22)
Ghafoul,M (1992)-Gueroui,N (1949) Tiaret ALG 2019}) 11. Bxf6 Bxf6 12. Ndb5 $146
({RR} 12. Nxc6 Qxc6 13. e5 dxe5 14. fxe5 Bg5+ 15. Kb1 O-O 16. Bd3 Qc7 17. Ne4
Be7 18. Rhf1 Rd8 19. Nf6+ Bxf6 20. Rxf6 Rd5 21. Re1 Kh8 22. Qh4 Kg8 23. Rf3 Qd8
24. Qe4 Qg5 25. Qh7+ Kf8 26. Bg6 {1-0 (26) Galiana Salom,J (2257)-Agnelo,A 
(2227) Mallorca 2004}) 12... axb5 13. Nxb5 Qb6 14. Nxd6+ Kf8 15. e5 Nxe5 16.
fxe5 Rxa2 17. exf6 Qxb2+ 18. Kd2 Qb4+ 19. Ke3 Qc5+ 20. Kf3 gxf6 21. Bd3 Rg8 22.
Qf4 Bd7 23. Qxh6+ Ke7 24. Qxf6+ Kxd6 25. Bb5+ Kc7 26. Rxd7+ Kb6 27. Rb1 Qh5+
28. Ke3 Qc5+ 29. Qd4 1-0

[Event "II Criciúma Chess Open - A1700 - 12-18"]
[Site "Criciúma SC"]
[Date "2024.01.17"]
[Round "8.21"]
[White "Cardoso, Leandro Ubialli"]
[Black "Frankental, David"]
[Result "0-1"]
[WhiteElo "1842"]
[BlackElo "1939"]
[PlyCount "100"]
[EventDate "2024.01.12"]
[EventRounds "9"]
[EventCountry "BRA"]

1. e4 e5 2. Nf3 Nc6 3. Bc4 Bc5 4. d3 d6 5. c3 Nf6 6. O-O O-O 7. Nbd2 Bg4 8. Re1
Na5 9. Bb5 a6 10. Ba4 b5 ({RR} 10... Nc6 11. h3 Bh5 12. Nf1 b5 13. Bb3 Na5 14.
Bc2 Bb6 15. Ng3 Bg6 16. Bg5 h6 17. Bh4 Kh8 18. b4 Nc6 19. Bb3 Rc8 20. Bd5 Ne7
21. Bxf6 gxf6 22. Qd2 Kh7 23. Bb7 Rb8 24. Bxa6 Qd7 25. c4 {Flis,J (2325)-Hresc,
V (2490) Polanica Zdroj 1983 1-0 (41)}) 11. b4 ({RR} 11. Bc2 Nc6 12. h3 Bh5 13.
Nf1 h6 14. Ng3 Bg6 15. Be3 Bxe3 16. Rxe3 Re8 17. Nh4 Bh7 18. Nhf5 Qd7 19. Qf3
Ne7 20. Nxh6+ Kf8 21. Bb3 d5 22. Ng4 Nxg4 23. hxg4 c6 24. Rae1 f6 25. g5 Ng8 {
Civi,A (1679)-Eren,D Manavgat 2016 1-0 (34)}) 11... Nb7 $146 ({RR} 11... bxa4
12. bxc5 Qd7 13. cxd6 cxd6 14. h3 Be6 15. d4 Qc7 16. Re3 Bd7 17. Ba3 Rfe8 18.
Rc1 Rac8 19. Qe2 Qb6 20. dxe5 dxe5 21. c4 Nh5 22. g3 Nf6 23. Kh2 Nb7 24. Rb1
Qc7 25. Rc3 Nc5 26. Bxc5 {Chomczyk,M (1583)-Kowalik,P (1807) Polanica Zdroj
2010 1/2-1/2 (65)}) 12. bxc5 bxa4 13. cxd6 Qxd6 14. Nc4 Bxf3 15. Qxf3 Qe6 16.
Qf5 Qxf5 17. exf5 Nd6 18. Nxe5 Nxf5 19. Ba3 Rfe8 20. Nc6 Nd6 21. c4 Nd7 22.
Rab1 f6 23. Kf1 Ne5 24. Nxe5 fxe5 25. g4 Rad8 26. f3 Nf7 27. Ke2 Ng5 28. Bc1
Ne6 29. Be3 Rb8 30. Kd2 Rf8 31. Rxb8 Rxb8 32. Kc2 a3 33. Rb1 Rf8 34. Rf1 Rb8
35. Rb1 Rf8 36. Rf1 Rb8 37. Bc1 Nd4+ 38. Kd2 Rb1 39. Kc3 c5 40. Kd2 g5 41. Kc3
h6 42. Kd2 Kf7 43. Kc3 Ke6 44. Kd2 Ra1 45. h4 Rxa2+ 46. Ke1 Ra1 47. Kf2 a2 48.
hxg5 hxg5 49. Rh1 Rxc1 50. Rxc1 Nb3 0-1

[Event "II Criciúma Chess Open - A1700 - 12-18"]
[Site "Criciúma SC"]
[Date "2024.01.17"]
[Round "8.22"]
[White "Jenidarchiche, Douglas Rodrigo"]
[Black "Ribeiro, Dionatan Lua Franze"]
[Result "1/2-1/2"]
[WhiteElo "1845"]
[BlackElo "1820"]
[PlyCount "169"]
[EventDate "2024.01.12"]
[EventRounds "9"]
[EventCountry "BRA"]

1. e4 c5 2. Nf3 Nf6 3. Nc3 d5 4. exd5 a6 5. d4 Nxd5 6. Nxd5 Qxd5 7. c4 Qe4+ 8.
Be2 cxd4 9. O-O Nc6 10. Re1 Bg4 $146 ({RR} 10... Bf5 11. Qb3 Nd8 12. Bd1 Qd3
13. Qb6 f6 14. Be2 Qe4 15. Nxd4 e5 16. Bh5+ Kd7 17. Rxe4 Bxe4 18. Bg4+ Ke8 19.
Ne6 Nxe6 20. Qxe6+ Be7 21. Be3 {1-0 (21) Yachmenev,M (2276)-Osmolny,V (2283)
Petrozavodsk 2009}) 11. h3 Bh5 12. Nxd4 Bxe2 13. Nxe2 Rd8 14. Qa4 e6 15. Bg5
Rd7 16. Rad1 Bd6 17. Nf4 Qf5 18. Rd5 Be5 19. Rxd7 Kxd7 20. Nd3 Bd4 21. Be3 Bxe3
22. Rxe3 Kc7 23. Rf3 Qg6 24. c5 f6 25. Qb3 Nd4 26. Qb6+ Kc8 27. Re3 e5 28. c6
Qf7 29. Nc5 Nxc6 30. Nxa6 bxa6 31. Rc3 Qb7 32. Rxc6+ Kb8 33. Qc5 Rc8 34. Qd6+
Ka7 35. Rxc8 Qxc8 36. Qd2 Qe6 37. b4 Qc6 38. h4 Kb7 39. g3 Kc7 40. Kh2 Qc4 41.
a3 Qd4 42. Qc2+ Kb6 43. Kg2 e4 44. Qb3 Qd3 45. Qe6+ Kb5 46. Qf5+ Ka4 47. Qa5+
Kb3 48. Qc5 Qb5 49. Qe3+ Qd3 50. Qc1 Qc2 51. Qe3+ Qd3 52. Qc5 Qb5 53. Qc1 Qd3
54. Kh2 Qe2 55. Kg1 Qc4 56. Qe3+ Qd3 57. Qc1 Qc3 58. Qb1+ Kxa3 59. Qxe4 g6 60.
Qb7 Qd3 61. Kg2 h5 62. Qb6 Qe4+ 63. Kh2 Qd3 64. Qc5 Kb3 65. Qb6 Qf5 66. Qc5 Qd3
67. Qb6 Qf5 68. Kg1 Qb1+ 69. Kh2 Qf5 70. Qd4 Ka4 71. Qb6 Kb3 72. Kg2 Qe4+ 73.
Kg1 Qb1+ 74. Kh2 Qf5 75. Qd4 Ka4 76. Kg2 Kb5 77. Kh2 Ka4 78. Qb6 Kb3 79. Qc5
Ka4 80. Qd4 Kb3 81. Qd2 Qf3 82. Kg1 Qf5 83. Kg2 Qe4+ 84. Kh2 Qf5 85. Qd4
1/2-1/2

[Event "II Criciúma Chess Open - A1700 - 12-18"]
[Site "Criciúma SC"]
[Date "2024.01.17"]
[Round "8.23"]
[White "Medeiros, Thauane Ferreira"]
[Black "Pimenta, Elisandro Da Silva"]
[Result "0-1"]
[WhiteElo "1842"]
[BlackElo "1829"]
[PlyCount "34"]
[EventDate "2024.01.12"]
[EventRounds "9"]
[EventCountry "BRA"]

1. d4 Nf6 2. Bf4 c5 3. e3 Qb6 4. Nc3 a6 5. Na4 Qa5+ 6. c3 cxd4 ({RR} 6... d6 7.
dxc5 dxc5 8. Qb3 Nbd7 9. Bc4 e6 10. Bxe6 fxe6 11. Qxe6+ Be7 12. Bd6 Qd8 13.
O-O-O Nf8 14. Qxe7+ Qxe7 15. Bxe7 Kxe7 16. Nxc5 Ne6 17. Nxe6 Bxe6 18. b3 Rad8
19. Nf3 Ne4 20. Rxd8 Rxd8 21. Nd4 {Stetsenko,I (1683)-Abdoulaye Niasse chess.
com INT 2021 0-1}) 7. b4 Qd8 8. cxd4 $146 ({RR} 8. exd4 d6 9. Bd3 Bg4 10. f3
Bh5 11. Ne2 Nbd7 12. O-O e6 13. c4 Be7 14. Rb1 Bg6 15. c5 Nd5 16. Bxg6 hxg6 17.
Bd2 Qc7 18. f4 b6 19. cxb6 N7xb6 20. Nxb6 Qxb6 21. Rf3 Bf6 22. Be1 Rc8 {
Kalabic,F (2144)-Zuse,K (2333) Germany 2005 0-1 (70)}) 8... e5 9. dxe5 Bxb4+
10. Ke2 Nh5 11. Qd4 Qa5 12. Nb2 Nc6 13. Qe4 Nxf4+ 14. exf4 O-O 15. Kf3 d5 16.
Qd3 Bf5 17. Qd1 Bc2 0-1

[Event "II Criciúma Chess Open - A1700 - 12-18"]
[Site "Criciúma SC"]
[Date "2024.01.17"]
[Round "8.24"]
[White "Mariano, Kaiki Pereira"]
[Black "Spritzer, Abrao Rafael"]
[Result "1-0"]
[WhiteElo "1700"]
[BlackElo "1811"]
[PlyCount "61"]
[EventDate "2024.01.12"]
[EventRounds "9"]
[EventCountry "BRA"]

1. c4 e5 2. Nc3 Nf6 3. Nf3 Nc6 4. e4 Bc5 5. Nxe5 Nxe5 6. d4 Qe7 ({RR} 6... Bd6
7. c5 Bxc5 8. dxe5 Ng8 9. Qg4 Kf8 10. Qf3 d6 11. Bc4 f6 12. Bf4 dxe5 13. Bxe5
Nh6 14. O-O Qe7 15. Bf4 c6 16. e5 Nf5 17. exf6 gxf6 18. Rfe1 Qg7 19. Rad1 Bd7
20. Ne4 Bd4 21. Rxd4 {Andreikin,D (2683)-Movsesian,S (2721) Moscow 2010 1-0}) (
{RR} 6... Bd6 7. c5 Bxc5 8. dxe5 Ng8 9. Bc4 Ne7 10. Bg5 c6 11. O-O b5 12. Bb3
a5 13. a4 b4 14. Ne2 Ba6 15. Ng3 Bxf1 16. Qxf1 Qb6 17. Rd1 Ng6 18. Qc4 Bxf2+
19. Kf1 O-O 20. Rxd7 Bxg3 21. Rxf7 {Prithu,G (2444)-Vazquez,F (2319) chess.com
INT 2022 0-1}) 7. dxc5 Qxc5 8. Be3 Qb4 9. Bd4 $146 ({RR} 9. Qd4 d6 10. O-O-O
O-O 11. Bg5 Nfd7 12. Nd5 Qa5 13. Kb1 c5 14. Qc3 Qxc3 15. Nxc3 f6 16. Bf4 Nf7
17. Bxd6 Nxd6 18. Rxd6 Ne5 19. Be2 Nc6 20. Nb5 f5 21. e5 Nxe5 22. Rd5 Ng4 23.
Rxc5 Nxf2 {Machin,E (2216)-Saatdjian,T (2174) France 2006 1-0 (59)}) 9... Qe7
10. Be2 d6 11. f4 Nc6 12. Bxf6 Qxf6 13. Nd5 Qd8 14. O-O O-O 15. Bf3 Be6 16. Rc1
Re8 17. Qb3 Nd4 18. Qxb7 c6 19. Ne3 Qa5 20. b4 Qxa2 21. f5 Qb3 22. Rfe1 Reb8
23. Qc7 Rc8 24. Qxd6 Rd8 25. Qc5 Bc8 26. f6 Ne6 27. Qxc6 Bd7 28. Qd6 Ba4 29.
Qg3 Qxb4 30. fxg7 Qd6 31. e5 1-0

[Event "II Criciúma Chess Open - A1700 - 12-18"]
[Site "Criciúma SC"]
[Date "2024.01.18"]
[Round "9.1"]
[White "Matsuura, Everaldo"]
[Black "Quintiliano Pinto, Renato R."]
[Result "1/2-1/2"]
[WhiteElo "2410"]
[BlackElo "2493"]
[PlyCount "94"]
[EventDate "2024.01.12"]
[EventRounds "9"]
[EventCountry "BRA"]

1. d4 d5 2. c4 e6 3. Nc3 Nf6 4. Nf3 c6 5. cxd5 exd5 6. Bg5 Be7 7. Qc2 g6 8. e3
Bf5 9. Bd3 Bxd3 10. Qxd3 Nbd7 11. O-O O-O 12. Rab1 a5 13. Qc2 Re8 14. a3 Ne4
15. Bxe7 Qxe7 16. b4 Nd6 17. bxa5 Rxa5 18. a4 Ra6 ({RR} 18... f5 19. Rfe1 Ra7
20. Nd2 Nf6 21. Ne2 Nfe4 22. Nxe4 fxe4 23. Qb3 Nc4 24. Qb4 Qf6 25. Ng3 h5 26.
Nf1 Qd6 27. Ng3 h4 28. Ne2 Qf6 29. h3 b6 30. Nc3 Rf7 31. Nd1 Rc8 32. Re2 c5 33.
dxc5 {Pipiras,F (1964)-Thompson,I (2122) Lisbon POR 2019 0-1 (55)}) 19. Rb3
$146 ({RR} 19. Ne1 Nb6 20. Nd3 Nbc4 21. Rb4 Ra7 22. Nc5 Nf5 23. Qc1 Nfd6 24.
Nd1 Rea8 25. Nc3 f5 26. Rb3 Ne4 27. N5xe4 fxe4 28. Qd1 Rf8 29. Qe2 Rf7 30. Rbb1
Ra8 31. Rbe1 Raf8 32. f3 exf3 33. gxf3 Qa3 {Inkiov,V (2500)-Abramovic,B Bor
1983 1/2-1/2 (56)}) ({RR} 19. Rfe1 Nb6 20. Ra1 Raa8 21. Nd2 f5 22. Ne2 Ra6 23.
Ra2 Rea8 24. Rea1 Nbc4 25. Nxc4 Nxc4 26. Nf4 Qd6 {1/2-1/2 (26) Galliamova,A 
(2475)-Petrosian,A (2435) Lvov 1995}) 19... Nb6 20. Rfb1 Nbc4 21. Qc1 Ra7 22.
Nd2 Nxd2 23. Qxd2 h5 24. Rb4 Qg5 25. Ne2 Qf5 26. Qd1 Rea8 27. Nc3 Re8 28. Ne2
Kg7 29. Nf4 Rea8 30. Nd3 Ne4 31. Qe1 Rxa4 32. Rxb7 Ra2 33. R7b2 Nd6 34. Nb4
Rxb2 35. Rxb2 Rb8 36. Ra2 Nc4 37. Ra1 Rb6 38. h3 Nd6 39. Ra6 Rxa6 40. Nxa6 Qc2
41. Nc5 Nc4 42. h4 Nd6 43. g3 Nf5 44. Kf1 Kh6 45. Qe2 Qc1+ 46. Kg2 Kg7 47. Nd3
Qc4 1/2-1/2

[Event "II Criciúma Chess Open - A1700 - 12-18"]
[Site "Criciúma SC"]
[Date "2024.01.18"]
[Round "9.2"]
[White "Di Berardino, Diego Rafael"]
[Black "Do Valle Cardoso, Lucas"]
[Result "1-0"]
[WhiteElo "2480"]
[BlackElo "2392"]
[PlyCount "101"]
[EventDate "2024.01.12"]
[EventRounds "9"]
[EventCountry "BRA"]

1. d4 Nf6 2. c4 e6 3. Nc3 d5 4. cxd5 exd5 5. Bg5 Bb4 6. e3 h6 7. Bh4 g5 8. Bg3
Ne4 9. a3 ({RR} 9. Qc2 h5 10. f3 Nxg3 11. hxg3 c6 12. O-O-O Be6 13. Bd3 Nd7 14.
Nge2 Nb6 15. Kb1 Qe7 16. g4 h4 17. Na4 Nxa4 18. Qxa4 a5 19. e4 dxe4 20. Bxe4
Kf8 21. a3 Bd6 22. Qc2 a4 23. d5 cxd5 {Mamedyarov,S (2772)-Motylev,A (2640)
Moscow RUS 2019 1-0 (40)}) ({RR} 9. Qb3 Bxc3+ 10. bxc3 h5 11. h4 Nxg3 12. fxg3
Qd6 13. Ne2 g4 14. Nf4 c6 15. Bd3 Qe7 16. O-O Be6 17. Nxe6 Qxe6 18. Qxb7 Qxe3+
19. Kh2 Qxd3 20. Rae1+ Kd8 21. Rxf7 {1-0 (21) Tsvetkov,A (2384)-Koutlas,N 
(2251) chess.com INT 2022}) 9... Bxc3+ 10. bxc3 h5 $146 ({RR} 10... c5 11. f3
Nxg3 12. hxg3 Nc6 13. Bd3 Qf6 14. Ne2 Bd7 15. Rb1 Rb8 16. Qd2 cxd4 17. cxd4 O-O
18. O-O Qd6 19. a4 Rfe8 20. Nc3 a6 21. Bc2 Nb4 22. Bb3 Rbd8 23. e4 Be6 24. e5
Qe7 25. f4 {Kapnisis,S (2412)-Ketzetzis,G (2070) Kavala 2008 0-1 (47)}) 11. f3
Nxg3 12. hxg3 Qd6 13. g4 h4 14. Nh3 Rg8 15. Bd3 Nc6 16. O-O Bd7 17. c4 Ne7 18.
Qd2 O-O-O 19. cxd5 Nxd5 20. Bc4 Be6 21. Bxd5 Qxd5 22. Rac1 f5 23. gxf5 Qxf5 24.
Nf2 h3 25. Nxh3 Qh7 26. Rc5 Bxh3 27. gxh3 Qxh3 28. Qh2 Qd7 29. Rfc1 c6 30. d5
g4 31. f4 g3 32. Qh6 Rh8 33. Qe6 Qxe6 34. dxe6 Rd3 35. R5c3 Rd2 36. R1c2 Rd1+
37. Kg2 Kd8 38. Kxg3 Ke7 39. Rb2 Rb8 40. Kf3 Rd6 41. f5 Kf6 42. Kf4 Rd1 43. e4
Rf1+ 44. Rf3 Rxf3+ 45. Kxf3 Ke5 46. Rd2 b5 47. Rc2 Rc8 48. e7 Re8 49. Rxc6 Rxe7
50. Rc5+ Kd4 51. Rxb5 1-0

[Event "II Criciúma Chess Open - A1700 - 12-18"]
[Site "Criciúma SC"]
[Date "2024.01.18"]
[Round "9.3"]
[White "Umetsubo, Cesar Hidemitsu"]
[Black "Hoffman, Alejandro"]
[Result "1/2-1/2"]
[WhiteElo "2349"]
[BlackElo "2358"]
[PlyCount "31"]
[EventDate "2024.01.12"]
[EventRounds "9"]
[EventCountry "BRA"]

1. d4 d6 2. Nf3 Nf6 3. c4 g6 4. Nc3 Bg7 5. g3 O-O 6. Bg2 c5 7. O-O cxd4 8. Nxd4
Nc6 9. Nxc6 bxc6 10. Bxc6 Rb8 11. Bg2 Qa5 12. Nb5 ({RR} 12. Qd2 Be6 13. b3 Rxb3
14. axb3 Qxa1 15. Nb5 a6 16. Na7 Nd7 17. Nc6 Re8 18. Qb4 Qc3 19. Qxc3 Bxc3 20.
Bg5 Kf8 21. Rc1 Bg7 22. b4 Nb6 23. Na5 Bb2 24. Rc2 Bf6 25. Bh6+ Bg7 26. Be3 Bf5
{Efimenko,Z (2655)-Melkumyan,H (2640) Warsaw 2016 1-0 (60)}) 12... a6 ({RR} 
12... Be6 13. Bd2 Qd8 14. b3 a6 15. Nd4 Bd7 16. Bc3 {1-0 (16) Karavaeva,O 
(2260)-Deuer,M (2226) chess.com INT 2021}) 13. Bd2 Qb6 14. Be3 $146 ({RR} 14.
Nc3 Qc5 15. b3 Qh5 16. e4 Bg4 17. f3 Qc5+ 18. Kh1 Bd7 19. Rc1 a5 20. a4 Qb6 21.
Nb5 Bc6 22. Qe1 Ra8 23. Be3 Qb8 24. Bd4 Nd7 25. Bxg7 Kxg7 26. Qe3 Ra6 27. Bh3
Nc5 28. e5 Bxb5 {Pfleger,H-Pribyl,J Tallinn (Estland) 1973 1-0 (44)}) ({RR} 14.
Nc3 Be6 15. b3 Qc5 16. Rc1 Qh5 17. h4 h6 18. Bf3 Bg4 19. Bxg4 Nxg4 20. Kg2 f5
21. Nd5 e5 22. f3 Nf6 23. Nxf6+ Bxf6 24. Rh1 e4 25. Bf4 Rbd8 26. fxe4 fxe4 27.
Qd5+ Qxd5 28. cxd5 g5 {Rodriguez Del Cerro,R (1953)-Alvarez Serrano,C (2225)
Linares ESP 2018 1-0 (49)}) 14... Qa5 15. Bd2 Qb6 16. Be3 1/2-1/2

[Event "II Criciúma Chess Open - A1700 - 12-18"]
[Site "Criciúma SC"]
[Date "2024.01.18"]
[Round "9.4"]
[White "Gemy, Jose Daniel"]
[Black "Cubas, Jose Fernando"]
[Result "1/2-1/2"]
[WhiteElo "2329"]
[BlackElo "2427"]
[PlyCount "64"]
[EventDate "2024.01.12"]
[EventRounds "9"]
[EventCountry "BRA"]

1. Nf3 Nf6 2. g3 g6 3. Bg2 Bg7 4. O-O O-O 5. d3 d6 6. c4 e5 7. Nc3 Nc6 8. Rb1
a5 9. a3 Re8 10. Nd2 Nd4 11. b4 ({RR} 11. e3 Ne6 12. b4 axb4 13. axb4 h5 14.
Bb2 h4 15. Qb3 hxg3 16. hxg3 Ng4 17. Ra1 Rb8 18. Ra7 Qg5 19. Nf3 Qh6 20. Rfa1
Bd7 21. Ne4 b5 22. c5 dxc5 23. bxc5 Bc6 24. Qc2 f5 25. Ned2 Nxe3 {Shankland,S 
(2731)-Rapport,R (2735) Saint Louis USA 2019 0-1 (42)}) 11... axb4 ({RR} 11...
h5 12. e3 Ne6 13. b5 h4 14. a4 Bh6 15. Nb3 hxg3 16. fxg3 Ng5 17. e4 Kg7 18. Nd5
Nxd5 19. cxd5 b6 20. Nd2 Nh3+ 21. Kh1 Qe7 22. Nf3 Rh8 23. Nh4 Bxc1 24. Rxc1
Rxh4 25. gxh4 Qxh4 26. Qf3 {Miszler,L (2242)-Gurvich,V (2264) chess.com INT
2021 0-1 (46)}) 12. axb4 h6 $146 ({RR} 12... c6 13. b5 d5 14. bxc6 bxc6 15.
cxd5 cxd5 16. e3 Ne6 17. Nf3 Ba6 18. Re1 Rc8 19. Bb2 e4 20. Ne5 d4 21. exd4
Nxd4 22. Ra1 Rb8 23. Rxa6 Rxe5 24. Ba1 Nb3 25. dxe4 Qc8 26. Ra3 Nxa1 27. Qxa1 {
McDonald,N (2400)-Hebden,M (2515) London 1987 0-1 (85)}) ({RR} 12... c6 13.
Nde4 Nxe4 14. dxe4 Be6 15. Qd3 Qd7 16. Rd1 b5 17. cxb5 cxb5 18. Nd5 Bxd5 19.
exd5 Qg4 20. e4 Ne2+ 21. Kh1 Nc3 22. Be3 Nxd1 23. Rxd1 Ra3 24. Qf1 Rc8 25. h3
Qd7 26. Rc1 Rac3 27. Ra1 {Klekowski,M (2457)-Shirov,A (2671) Czech Republic
2016 0-1 (36)}) ({RR} 12... h5 13. Nf3 Ng4 14. Nxd4 exd4 15. Ne4 h4 16. h3 Nh6
17. Bg5 f6 18. Nxf6+ Bxf6 19. Bxh6 hxg3 20. fxg3 Bg5 21. Bxg5 Qxg5 22. g4 Ra2
23. Bf3 Qe3+ 24. Kh1 Kg7 25. Qe1 Rh8 26. Kg2 Qxd3 27. Qf2 {Mulyar,M (2396)-Eid,
F (2387) Budapest 2010 1-0 (40)}) 13. e3 Nf5 14. e4 Nd4 15. Nb3 Nxb3 16. Qxb3
Nh7 17. Be3 Nf8 18. Ra1 Rb8 19. Ba7 Ra8 20. Be3 Bd7 21. Rxa8 Qxa8 22. Nd5 Ne6
23. Bh3 Qd8 24. Qa2 Nd4 25. Bxd7 Qxd7 26. Qa7 c6 27. Nb6 Nf3+ 28. Kg2 Nh4+ 29.
gxh4 Qg4+ 30. Kh1 Qf3+ 31. Kg1 Qg4+ 32. Kh1 Qf3+ 1/2-1/2

[Event "II Criciúma Chess Open - A1700 - 12-18"]
[Site "Criciúma SC"]
[Date "2024.01.18"]
[Round "9.5"]
[White "Languidey, Simon Alejandro"]
[Black "Contin, Daniel"]
[Result "1/2-1/2"]
[WhiteElo "2402"]
[BlackElo "2203"]
[PlyCount "89"]
[EventDate "2024.01.12"]
[EventRounds "9"]
[EventCountry "BRA"]

1. e4 e6 2. d4 d5 3. e5 c5 4. c3 Qb6 5. Nf3 Bd7 6. Be2 Nc6 7. O-O Nh6 8. Bxh6
gxh6 9. Qd2 Bg7 10. Na3 cxd4 11. cxd4 O-O 12. Nc2 a5 ({RR} 12... f6 13. exf6
Rxf6 14. b4 Raf8 15. b5 Ne7 16. Ne5 Be8 17. g3 h5 18. a4 h4 19. Bd3 hxg3 20.
hxg3 h5 21. Ne3 Bh6 22. a5 Qd8 23. f4 Kh8 24. Qh2 Qd6 25. a6 b6 26. Rab1 Qc7
27. Nc2 {Topalov,V (2725)-Bareev,E (2665) Novgorod 1997 1-0 (37)}) ({RR} 12...
f6 13. exf6 Rxf6 14. b4 a6 15. a4 Rff8 16. Ra3 Be8 17. Re3 Ne7 18. a5 Qd6 19.
Bd3 Nc6 20. Rfe1 Bd7 21. Ne5 Nxe5 {1/2-1/2 (21) Kulhanek,T (2342)-Barua,D 
(2379) Prague CZE 2019}) ({RR} 12... f6 13. exf6 Rxf6 14. Ne3 Raf8 15. Rfd1 Rf4
16. Nc2 Be8 17. Qe3 Re4 18. Qd2 Bh5 19. Rab1 Nxd4 20. Ncxd4 Bxd4 21. Nxd4 Bxe2
22. Re1 Bc4 23. Rxe4 dxe4 24. b3 Bd3 25. Nc2 Rc8 26. Rb2 e5 27. Ne3 {Corso,G 
(1804)-Contin,D (2377) Vimercate 2012 0-1 (39)}) 13. a4 $146 ({RR} 13. Ne3 Qb4
14. Qd3 Qe7 15. Bd1 f5 16. g3 Nb4 17. Qd2 Bb5 18. Be2 Bxe2 19. Qxe2 f4 20. Ng2
fxg3 21. fxg3 Nc6 22. Nf4 Rf7 23. Rf2 Raf8 24. Raf1 Re8 25. a3 Rff8 26. Kg2 Qd8
27. Qb5 Qd7 {Keitlinghaus,L (2500)-Kelecevic,N (2411) Landau 2002 1-0 (55)}) ({
RR} 13. Ne3 h5 14. Rad1 f6 15. exf6 Rxf6 16. Ne5 Nxe5 17. dxe5 Rff8 18. Bxh5
Bb5 19. Rfe1 Rad8 20. Nc2 Rf5 21. Bg4 Rff8 22. Nd4 Bd7 23. Kh1 Kh8 24. g3 Rg8
25. Bh3 Bf8 26. Re3 Bb4 27. Qd3 Rdf8 {Martyn,R (2302)-Lock,G (2232) Coulsdon
2008 0-1 (37)}) 13... f6 14. exf6 Rxf6 15. Bb5 Be8 16. Rae1 Bg6 17. Ne5 Nxe5
18. dxe5 Rf5 19. Bd3 Qxb2 20. Bxf5 Bxf5 21. Re2 Bxe5 22. Qe1 Bc3 23. Qd1 Qb3
24. Nd4 Qxd1 25. Rxd1 Bxd4 26. Rxd4 Rc8 27. g4 Be4 28. f3 Bxf3 29. Rxe6 Rc4 30.
Rxc4 dxc4 31. Kf2 Bc6 32. Re5 b6 33. Re6 Bxa4 34. Rxb6 Bb3 35. Rxh6 c3 36. Ke3
a4 37. Ra6 c2 38. Kd2 Kg7 39. h4 h6 40. Kc1 Kh7 41. Kb2 Kg7 42. Kc1 Kh7 43. Kb2
Kg7 44. Kc1 Kh7 45. Kb2 1/2-1/2

[Event "II Criciúma Chess Open - A1700 - 12-18"]
[Site "Criciúma SC"]
[Date "2024.01.18"]
[Round "9.6"]
[White "Rodi, Luis Ernesto"]
[Black "Perdomo, Leandro"]
[Result "1/2-1/2"]
[WhiteElo "2196"]
[BlackElo "2382"]
[PlyCount "20"]
[EventDate "2024.01.12"]
[EventRounds "9"]
[EventCountry "BRA"]

1. e4 e5 2. Nf3 Nc6 3. Bb5 a6 4. Bxc6 dxc6 5. d4 exd4 6. Qxd4 Qxd4 7. Nxd4 Bd7
8. Nc3 O-O-O 9. Be3 Bb4 10. Nde2 Re8 1/2-1/2